Missing Word: Music & Movies (P) Quiz Stats

 Plays Quiz Updated Sep 5, 2017

Challenge
Share
Tweet
Embed
Score 0/26 Timer 02:00
0 Plays Today
Title 'P Word' % Correct
Leaving on a Jet _____Plane
96.4%
Heaven Is a _____ on EarthPlace
95.6%
Kung Fu _____Panda
94.2%
_____ LanePenny
87.5%
_____ It, BlackPaint
87.5%
_____ HarborPearl
86.5%
_____ FacePoker
86.4%
Give _____ a ChancePeace
86.2%
_____ ManPiano
85.8%
_____ SuePeggy
84.7%
Midnight in _____Paris
83.4%
Along Came _____Polly
81.4%
Sisterhood of the Traveling _____Pants
81.3%
Title 'P Word' % Correct
_____ of My HeartPiece
81.1%
_____ MaryProud
78.7%
The _____ ExpressPolar
77.5%
_____ RoomPanic
72.2%
_____ BoothPhone
68.8%
Mystic _____Pizza
68.4%
Zack and Miri Make a _____Porno
68.1%
The _____ of Being a WallflowerPerks
66.8%
_____ Got a Brand New BagPapa's
66.3%
_____ Rock AnthemParty
63.7%
The Place Beyond the _____Pines
43.8%
_____ (In the Name of Love)Pride
38.5%
The _____: Election YearPurge
32.5%

Today's Daily Dose

You're not logged in!

Compare scores with friends on all Sporcle quizzes.
OR
Log In

You Might Also Like...

Show Comments

Extras

Top Quizzes Today


Score Distribution

Your Account Isn't Verified!

In order to create a playlist on Sporcle, you need to verify the email address you used during registration. Go to your Sporcle Settings to finish the process.

Report this User

Report this user for behavior that violates our Community Guidelines.

Details: